| 000 | 00499nam a22001937a 4500 | ||
|---|---|---|---|
| 003 | OSt | ||
| 005 | 20140310181943.0 | ||
| 008 | 121123t xxu||||| |||| 00| 0 eng d | ||
| 020 | _a0553212567 | ||
| 050 |
_aPS 1316.A1 _b.T969 2000 |
||
| 082 |
_aCLA T91p _b2000 |
||
| 100 |
_aTwain, Mark. _93693 |
||
| 245 |
_aThe prince and the pauper / _cMark Twain. |
||
| 260 |
_aNew York : _bBantam Books, _c2000 |
||
| 300 |
_g153 p. _c20 cm. |
||
| 541 | _j1 | ||
| 562 | _e1 | ||
| 942 |
_2lcc _cBBK _kCLA |
||
| 999 |
_c7721 _d7721 |
||